Lalka- imiona bohaterów - Statystyki

Ogólne statystyki
  • Ten quiz został rozwiązany 932 razy
  • Średni wynik to 13 z 41
Statystyki odpowiedzi
Bohater Imię % Poprawnych
Ukochana Wokulskiego, arytsokratka Łęcka Izabela
99%
Rzecki Ignacy
91%
Główny bohater Stanisław
81%
stryj Wokulskiego, miłość młodzieńcza Zasławskiej Stanisław
81%
Stary Mincel Jan
66%
Stary Mincel Jan
66%
Niedoszły teść Wokulskiego Tomasz
66%
Stawska Helena
64%
Córka Stawskiej Helena
64%
Ochocki Julian
59%
nawrócona prostytutka Maria
51%
Służąca Krzeszowskiej Maria
51%
Pies Rzeckiego Ir
44%
Starski Kazimierz
42%
Szlangbaum junior Henryk
37%
Pfeifer-Mincel-Wokulska Małgorzata
31%
Wokulski ojciec Piotr
31%
Katz August
30%
Janocka Ewelina
30%
Kuzynka Łęckiej, współlokatorka rodziny Florentyna
28%
Wąsowska Kazimiera
26%
Szuman Michał
24%
Syn Szlangbauma juniora Michał
24%
Hrabina Karolowa Joanna
23%
Hopferówna Katarzyna
18%
Rudy Mincel Franz
16%
Stawski Ludwik
15%
młodsza panna Janocka Felicja
10%
Klacz Sułtanka
10%
Ciotka z Krakowa Hortensja
9%
lokaj Łęckich Mikołaj
9%
Ciotka Rzeckiego Zuzanna
9%
Lalka Krzeszowskiej Mimi
8%
Drużnik Wysocki Kacper
7%
Collins, nauczyciel angielskiego William
6%
Szpigelman, wierzyciel Łęckiego Dawid
5%
Szpigelman, wierzyciel Łęckiego Dawid
5%
II, król Włoch, absztyfikant Łęckiej Wiktor Emanuel
5%
Rossi Ernesto
3%
Gutmorgen Izydor
3%
Escabeau, wynalazca Hannibal
1%
Nie znaleziono quizów pasujących do podanych kryteriów
Rozkład punktacji
Procent ludzi z każdym wynikiem
Percentyl według liczby udzielonych odpowiedzi
Twoja historia wyników
Nie rozwiązałeś tego quizu